[Event "ISR-chT (Women)"]
[Site "Netanya"]
[Date "2025.05.30"]
[Round "4.9"]
[White "Orian, Noga"]
[Black "Osmak, Iulija"]
[Result "1/2-1/2"]
[WhiteElo "2166"]
[BlackElo "2471"]
[PlyCount "189"]
[EventDate "2025.05.29"]
[EventType "team-swiss"]
[EventRounds "6"]
[EventCountry "ISR"]
[SourceTitle "CB23_2025"]
[SourceDate "2025.06.04"]
[SourceVersion "1"]
[SourceVersionDate "2025.06.04"]
[SourceQuality "1"]
[WhiteTeam "Haifa Nesher (W)"]
[BlackTeam "Ashdod (W)"]
[WhiteTeamCountry "ISR"]
[BlackTeamCountry "ISR"]

1. d4 Nf6 2. c4 e6 3. g3 d5 4. Bg2 Bb4+ 5. Nd2 0-0 6. Ngf3 b6 7. 0-0 Bb7 8. Ne5 Re8 9. Nb1 Bd6 10. Nc3 Nbd7 11. Bf4 Nf8 12. Rc1 a6 13. Nd3 Be7 14. Na4 Ng6 15. c5 Nxf4 16. gxf4 a5 17. Qb3 Ba6 18. Rfd1 b5 19. Nc3 c6 20. a3 Ng4 21. Bh3 Nh6 22. Qc2 Bf8 23. b4 Qh4 24. Kg2 Bc8 25. Qd2 axb4 26. axb4 f6 27. Qe3 Qh5 28. Qf3 Qxf3+ 29. Kxf3 Ra3 30. Kg2 Bd7 31. Nb1 Ra1 32. Nd2 Ra2 33. Ra1 Rea8 34. Nb3 R8a3 35. Rxa2 Rxa2 36. Ra1 Rxa1 37. Nxa1 Kf7 38. Nc2 Be7 39. Ne3 Bd8 40. Nf1 Ke7 41. Ng3 Bc7 42. e3 Be8 43. Kf1 Nf7 44. Nh5 g5 45. Ke2 gxf4 46. exf4 Ng5 47. Bg4 Ne4 48. Ng3 Bg6 49. Ke3 Nc3 50. f5 exf5 51. Nxf5+ Kd8 52. h4 h5 53. Bh3 Bh2 54. Kd2 Ne4+ 55. Ke3 Bh7 56. Ke2 Bg1 57. Ke1 Bg6 58. f3 Bxf5 59. Bxf5 Ng3 60. Bg6 Bxd4 61. Kd2 Nf1+ 62. Ke2 Ng3+ 63. Kd2 Be5 64. Ke3 Bc7 65. Nf2 Ke7 66. f4 Kf8 67. Kf3 Nf1 68. Ke2 Ng3+ 69. Kf3 Kg7 70. Bd3 Ne4 71. Nxe4 dxe4+ 72. Bxe4 f5 73. Bxc6 Bd8 74. Bxb5 Bxh4 75. Bd7 Kg6 76. b5 Be7 77. c6 Bd8 78. Be8+ Kh6 79. Kg3 Bc7 80. Kh3 Bd8 81. Bf7 Bc7 82. Kg3 Bd8 83. Bd5 Kg6 84. Bf3 Bc7 85. Kf2 Bb6+ 86. Ke2 h4 87. Kf1 h3 88. Ke2 Kf6 89. Bd5 Ke7 90. Kf3 Kd6 91. Bc4 Kc5 92. Bd3 Bc7 93. Bxf5 h2 94. Kg2 Bxf4 95. Bd7 1/2-1/2

[Event "EU-ch 25th"]
[Site "Eforie Nord"]
[Date "2025.03.19"]
[Round "5"]
[White "Bognar, Csaba"]
[Black "Orian, Noga"]
[Result "1/2-1/2"]
[WhiteElo "2082"]
[BlackElo "2225"]
[PlyCount "146"]
[EventDate "2025.03.15"]
[EventType "swiss"]
[EventRounds "11"]
[EventCountry "ROU"]
[SourceTitle "CB13_2025"]
[SourceDate "2025.03.26"]
[SourceVersion "1"]
[SourceVersionDate "2025.03.26"]
[SourceQuality "1"]

1. d4 Nf6 2. c4 e6 3. Nf3 b6 4. g3 Ba6 5. Nbd2 d5 6. Bg2 Be7 7. 0-0 0-0 8. b3 c5 9. Bb2 Nbd7 10. e3 Rc8 11. Rc1 Re8 12. Re1 Bb7 13. Qe2 Qc7 14. Red1 Qb8 15. Ne1 Qa8 16. Bh3 cxd4 17. exd4 h6 18. f3 a5 19. Nd3 Rc7 20. Rc2 Bd6 21. Rdc1 Ba6 22. Bf1 Rec8 23. Qe3 dxc4 24. bxc4 Bb5 25. Nf4 Kh8 26. Bd3 Ba4 27. Nb3 Bb4 28. h3 Re8 29. Kg2 Qb7 30. Be2 Qc8 31. Nd3 Nd5 32. Qf2 Bf8 33. h4 Nb4 34. Nxb4 Bxb4 35. f4 Nf6 36. Qe3 Bf8 37. Qd3 Rd8 38. Bf3 Bc5 39. Qe3 Be7 40. Qe2 Qa6 41. g4 h5 42. gxh5 Qc8 43. Kh1 Ng8 44. Rg1 Bf6 45. Qg2 Rxc4 46. Re2 Nh6 47. Nd2 Rcxd4 48. Ne4 Nf5 49. Nxf6 gxf6 50. Bxd4 Rxd4 51. Be4 Rxe4 52. Rxe4 Bc6 53. Rc1 Qa8 54. Rxc6 Qxc6 55. Kh2 Nxh4 56. Qe2 Qd5 57. Re3 Nf5 58. Rd3 Qc5 59. Rd8+ Kh7 60. Qg2 Nh6 61. Rd3 Qc4 62. Rf3 Qe4 63. Qg3 Qc2+ 64. Qg2 Qf5 65. Qh3 Qd5 66. Rf2 a4 67. Qf3 Qf5 68. Rg2 b5 69. Qg3 Qxh5+ 70. Kg1 Qd1+ 71. Kh2 Qh5+ 72. Kg1 Qc5+ 73. Kh2 Qh5+ 1/2-1/2

[Event "Wch U20 Girls 41st"]
[Site "Petrovac"]
[Date "2025.03.03"]
[Round "7"]
[White "Song, Yuxin"]
[Black "Orian, Noga"]
[Result "1/2-1/2"]
[WhiteElo "2381"]
[BlackElo "2210"]
[PlyCount "84"]
[EventDate "2025.02.25"]
[EventType "swiss"]
[EventRounds "11"]
[EventCountry "MNE"]
[SourceTitle "CB11_2025"]
[SourceDate "2025.03.12"]
[SourceVersion "1"]
[SourceVersionDate "2025.03.12"]
[SourceQuality "1"]

1. e4 c5 2. Nf3 Nc6 3. Bb5 Nf6 4. Nc3 Qc7 5. 0-0 Nd4 6. Re1 a6 7. Bf1 Ng4 8. g3 Nxf3+ 9. Qxf3 Ne5 10. Qe2 e6 11. b3 d6 12. Bb2 Be7 13. Bg2 0-0 14. Nd1 b5 15. Ne3 Bb7 16. f4 Nd7 17. d3 Rfe8 18. Ng4 e5 19. Bh3 Rad8 20. Ne3 Nb6 21. Rf1 Bf8 22. c4 bxc4 23. Nxc4 Nxc4 24. bxc4 Bc8 25. f5 f6 26. Bg4 Re7 27. Bc3 Bd7 28. Qb2 Rb8 29. Qa3 Qc8 30. Rfb1 Be8 31. Rb3 Ra7 32. Rab1 Rbb7 33. Rb6 Bc6 34. R1b2 Rxb6 35. Rxb6 Be7 36. Qb3 Bd8 37. Rb8 Qc7 38. Bh5 Kf8 39. Bd2 Rb7 40. Rxb7 Qxb7 41. Qc2 Be8 42. Bd1 Qb6 1/2-1/2

[Event "Wch U20 Girls 41st"]
[Site "Petrovac"]
[Date "2025.02.26"]
[Round "2"]
[White "Orian, Noga"]
[Black "Shukhman, Anna"]
[Result "0-1"]
[WhiteElo "2210"]
[BlackElo "2365"]
[PlyCount "72"]
[EventDate "2025.02.25"]
[EventType "swiss"]
[EventRounds "11"]
[EventCountry "MNE"]
[SourceTitle "CB11_2025"]
[SourceDate "2025.03.12"]
[SourceVersion "1"]
[SourceVersionDate "2025.03.12"]
[SourceQuality "1"]

1. d4 Nf6 2. c4 g6 3. Nc3 d5 4. Nf3 Bg7 5. h4 c6 6. cxd5 cxd5 7. Bf4 Nc6 8. e3 0-0 9. Qb3 Na5 10. Qa3 Bf5 11. Ne5 Ne4 12. Nxe4 Bxe4 13. f3 Bf5 14. b4 Nc6 15. Nxc6 bxc6 16. Rc1 Qb6 17. Qa5 Rfe8 18. Qc5 Bf8 19. Kf2 e5 20. Qxb6 axb6 21. Bxe5 Rxa2+ 22. Kg3 Bd7 23. b5 c5 24. h5 g5 25. h6 Re6 26. e4 cxd4 27. Rc7 Be8 28. f4 gxf4+ 29. Bxf4 Rg6+ 30. Kf3 Ra3+ 31. Kf2 dxe4 32. Bc4 Rc3 33. Ra1 Rc2+ 34. Ke1 Rgxg2 35. Ra8 e3 36. Bf1 Bb4+ 0-1

[Event "Olympiad Women-45"]
[Site "Budapest"]
[Date "2024.09.21"]
[Round "10.3"]
[White "Radeva, Viktoria"]
[Black "Orian, Noga"]
[Result "1-0"]
[WhiteElo "2296"]
[BlackElo "2187"]
[PlyCount "119"]
[EventDate "2024.09.11"]
[EventType "team-swiss"]
[EventRounds "11"]
[EventCountry "HUN"]
[SourceTitle "EXT 2025"]
[Source "ChessBase"]
[SourceDate "2024.10.14"]
[SourceVersion "1"]
[SourceVersionDate "2024.10.14"]
[SourceQuality "1"]
[WhiteTeam "Bulgaria (W)"]
[BlackTeam "Israel (W)"]
[WhiteTeamCountry "BUL"]
[BlackTeamCountry "ISR"]

1. e4 c5 2. Nc3 e6 3. Nf3 Nc6 4. d4 cxd4 5. Nxd4 Qc7 6. Be3 a6 7. a3 b5 8. Nxc6 Qxc6 9. h4 Nf6 10. h5 Nxe4 11. Nxe4 Qxe4 12. Be2 Rb8 13. Qd2 Bb7 14. Bf3 Qc4 15. 0-0-0 d5 16. Kb1 Be7 17. Bd4 Rg8 18. Rhe1 Rc8 19. Be2 Qc7 20. f4 Bh4 21. Rf1 Bf6 22. Bxf6 gxf6 23. Bf3 f5 24. Qe2 Kf8 25. Rd4 Qd6 26. g4 fxg4 27. Bxg4 f5 28. Bf3 Kf7 29. Re1 Bc6 30. Qe3 a5 31. h6 Rb8 32. Qf2 Bd7 33. Qh4 Qe7 34. Qh5+ Rg6 35. Rxd5 b4 36. Rxf5+ exf5 37. Bd5+ Kf8 38. Rxe7 Kxe7 39. Qe2+ Kd8 40. Qe5 Rbb6 41. a4 Rxh6 42. Bb3 Rhf6 43. Qxa5 h5 44. Qa8+ Kc7 45. Bd5 Ra6 46. Qb7+ Kd8 47. Qb8+ Ke7 48. Qxb4+ Rfd6 49. a5 Kf6 50. Bb7 Rd1+ 51. Ka2 Be6+ 52. b3 Rad6 53. a6 R6d4 54. Qc3 Kg6 55. Kb2 Rd8 56. a7 Bd5 57. Bxd5 R1xd5 58. Qc6+ R5d6 59. a8Q Rxc6 60. Qxc6+ 1-0

[Event "Olympiad Women-45"]
[Site "Budapest"]
[Date "2024.09.20"]
[Round "9.3"]
[White "Orian, Noga"]
[Black "Padilla Garcia, Cecilia Xasive"]
[Result "1-0"]
[WhiteElo "2187"]
[BlackElo "1954"]
[PlyCount "103"]
[EventDate "2024.09.11"]
[EventType "team-swiss"]
[EventRounds "11"]
[EventCountry "HUN"]
[SourceTitle "EXT 2025"]
[Source "ChessBase"]
[SourceDate "2024.10.14"]
[SourceVersion "1"]
[SourceVersionDate "2024.10.14"]
[SourceQuality "1"]
[WhiteTeam "Israel (W)"]
[BlackTeam "Mexico (W)"]
[WhiteTeamCountry "ISR"]
[BlackTeamCountry "MEX"]

1. d4 Nf6 2. c4 c5 3. d5 b5 4. cxb5 a6 5. bxa6 e6 6. Nc3 exd5 7. Nxd5 Be7 8. Nxe7 Qxe7 9. Bf4 Qe4 10. e3 Qb4+ 11. Qd2 Qxd2+ 12. Kxd2 Nxa6 13. a3 d6 14. Rc1 Ke7 15. Bd3 Bb7 16. f3 Rhc8 17. Ne2 Nc7 18. Rhe1 Ne6 19. Bg3 d5 20. Nc3 c4 21. Bc2 Nc5 22. Nb5 Ra6 23. Nd4 Rb6 24. Nf5+ Kd7 25. Be5 Ke6 26. Bd4 g6 27. Ng3 Rd6 28. Ne2 Ke7 29. g4 Ne6 30. h4 Nxd4 31. Nxd4 h5 32. g5 Nd7 33. f4 Rb6 34. Kc3 Rb8 35. Rb1 Nc5 36. Rf1 Ne6 37. f5 Nf8 38. Rf2 Nd7 39. Re1 Ba8 40. e4 Rxb2 41. exd5+ Kd8 42. fxg6 fxg6 43. Nc6+ Bxc6 44. dxc6 Nc5 45. Kxc4 Na6 46. Rf8+ Kc7 47. Rf7+ Kb6 48. Bxg6 Nc7 49. Ree7 Nb5 50. Rb7+ Kxc6 51. Be4+ Kd6 52. Rf6+ 1-0

[Event "Olympiad Women-45"]
[Site "Budapest"]
[Date "2024.09.19"]
[Round "8.2"]
[White "Orian, Noga"]
[Black "Argote Heredia, Valentina"]
[Result "1-0"]
[WhiteElo "2187"]
[BlackElo "2144"]
[PlyCount "131"]
[EventDate "2024.09.11"]
[EventType "team-swiss"]
[EventRounds "11"]
[EventCountry "HUN"]
[SourceTitle "EXT 2025"]
[Source "ChessBase"]
[SourceDate "2024.10.14"]
[SourceVersion "1"]
[SourceVersionDate "2024.10.14"]
[SourceQuality "1"]
[WhiteTeam "Israel (W)"]
[BlackTeam "Colombia (W)"]
[WhiteTeamCountry "ISR"]
[BlackTeamCountry "COL"]

1. d4 Nf6 2. c4 e6 3. Nf3 Bb4+ 4. Bd2 a5 5. Qc2 d6 6. Nc3 Nc6 7. g3 e5 8. d5 Nb8 9. Bg2 0-0 10. 0-0 Qe7 11. Nh4 Ne8 12. e4 c6 13. Na4 Bxd2 14. Qxd2 Ra6 15. b3 g6 16. Rae1 b5 17. Nb2 b4 18. Kh1 c5 19. Qh6 Nf6 20. f3 Kh8 21. Qd2 Nh5 22. Nd3 a4 23. f4 exf4 24. Nxf4 Nxf4 25. Rxf4 g5 26. Nf5 Bxf5 27. Rxf5 f6 28. e5 dxe5 29. Be4 Nd7 30. Qg2 axb3 31. axb3 Kg7 32. h4 h6 33. Ref1 Ra3 34. Qf3 Ra6 35. Qg4 Rh8 36. Kg1 Rf8 37. Bc2 Rfa8 38. Bb1 e4 39. Bxe4 Ne5 40. Qh5 Qe8 41. hxg5 Qxh5 42. gxf6+ Rxf6 43. Rxh5 Rxf1+ 44. Kxf1 Nf7 45. Bc2 Ra1+ 46. Ke2 Rg1 47. Kf3 Ng5+ 48. Kf4 Rg2 49. Bd1 Rd2 50. Rh1 Rd4+ 51. Ke5 Rd3 52. g4 Nf7+ 53. Ke6 Ng5+ 54. Kd7 Kf6 55. Rxh6+ Ke5 56. Rh1 Kd4 57. Rf1 Kc3 58. Kc6 Kd4 59. d6 Ke5 60. Re1+ Kf6 61. Bc2 Rd2 62. Be4 Ra2 63. d7 Ne6 64. Bd5 Nd8+ 65. Kc7 Ra7+ 66. Kxd8 1-0

[Event "EU-ch U18 Girls"]
[Site "Prague"]
[Date "2024.08.30"]
[Round "8"]
[White "Karacsonyi, Kata"]
[Black "Orian, Noga"]
[Result "1/2-1/2"]
[WhiteElo "2184"]
[BlackElo "2201"]
[PlyCount "93"]
[EventDate "2024.08.22"]
[EventType "swiss"]
[EventRounds "9"]
[EventCountry "CZE"]
[SourceTitle "CBM 221 Extra"]
[Source "ChessBase"]
[SourceDate "2024.09.30"]
[SourceVersion "1"]
[SourceVersionDate "2024.09.30"]
[SourceQuality "1"]

1. e4 c5 2. Nf3 e6 3. b3 Nc6 4. Bb2 a6 5. e5 Qc7 6. g3 Nh6 7. Bg2 Be7 8. 0-0 0-0 9. Qe2 Nf5 10. Na3 b6 11. c4 Bb7 12. Nc2 Rad8 13. Rad1 d6 14. d4 cxd4 15. exd6 Rxd6 16. Ncxd4 Ncxd4 17. Nxd4 Nxd4 18. Rxd4 Rxd4 19. Bxd4 Bxg2 20. Kxg2 Rd8 21. Qe4 Bc5 22. Be5 Qe7 23. Bc3 Qd6 24. Re1 Qd3 25. Qe5 Bd4 26. Bxd4 Qxd4 27. Qxd4 Rxd4 28. Rc1 Kf8 29. c5 bxc5 30. Rxc5 Ke7 31. Rc7+ Kf6 32. Rc6 a5 33. Rc5 a4 34. Rb5 axb3 35. axb3 Rd3 36. h4 h6 37. g4 Rc3 38. f3 Rc2+ 39. Kg3 Rb2 40. Kf4 g5+ 41. hxg5+ hxg5+ 42. Ke4 Re2+ 43. Kd3 Rf2 44. Ke3 Rc2 45. Kd3 Rf2 46. Ke3 Rc2 47. Kd3 1/2-1/2

[Event "EU-ch U18 Girls"]
[Site "Prague"]
[Date "2024.08.29"]
[Round "7"]
[White "Orian, Noga"]
[Black "Siekanska, Maria"]
[Result "1/2-1/2"]
[WhiteElo "2201"]
[BlackElo "2097"]
[PlyCount "42"]
[EventDate "2024.08.22"]
[EventType "swiss"]
[EventRounds "9"]
[EventCountry "CZE"]
[SourceTitle "CBM 221 Extra"]
[Source "ChessBase"]
[SourceDate "2024.09.30"]
[SourceVersion "1"]
[SourceVersionDate "2024.09.30"]
[SourceQuality "1"]

1. d4 d5 2. c4 e6 3. Nf3 Nf6 4. g3 dxc4 5. Bg2 a6 6. Ne5 Bb4+ 7. Nc3 Nd5 8. 0-0 Nxc3 9. bxc3 Bxc3 10. Rb1 Qxd4 11. Qa4+ b5 12. Qa3 Qxe5 13. Bf4 Qf6 14. Bxc7 b4 15. Rxb4 Bxb4 16. Qxb4 a5 17. Qb5+ Bd7 18. Qxc4 Na6 19. Bxa8 Nxc7 20. Qxc7 Qd8 21. Qxd8+ Kxd8 1/2-1/2

[Event "EU-ch U18 Girls"]
[Site "Prague"]
[Date "2024.08.22"]
[Round "1"]
[White "Orian, Noga"]
[Black "Yilmaz, Gokcen"]
[Result "1-0"]
[WhiteElo "2201"]
[BlackElo "1900"]
[PlyCount "63"]
[EventDate "2024.08.22"]
[EventType "swiss"]
[EventRounds "9"]
[EventCountry "CZE"]
[SourceTitle "CBM 221 Extra"]
[Source "ChessBase"]
[SourceDate "2024.09.30"]
[SourceVersion "1"]
[SourceVersionDate "2024.09.30"]
[SourceQuality "1"]

1. d4 Nf6 2. c4 g6 3. h4 h5 4. Nc3 Bg7 5. e4 d6 6. Be2 0-0 7. Bg5 Nbd7 8. Qd2 c5 9. d5 Ne5 10. Nf3 Nfg4 11. Nxe5 Nxe5 12. f3 f6 13. Bh6 Kf7 14. Bxg7 Kxg7 15. Nd1 f5 16. Nf2 e6 17. 0-0-0 Rf6 18. f4 Ng4 19. Nxg4 fxg4 20. Qc3 Kg8 21. g3 exd5 22. Rxd5 Qe7 23. Rhd1 b6 24. Qd3 Re6 25. Rxd6 Rxd6 26. Qxd6 Qxd6 27. Rxd6 Kf7 28. Rd8 Ke6 29. e5 Ke7 30. Rh8 Kf7 31. Bd3 Kg7 32. Rd8 1-0